000 01047aam a2200397a 44500
008 930106s1986 cat
017 _aV-907-1986
020 _a8475790925
041 _acat
041 _beng
041 _bspa
080 _a681.3(038)
100 _aIborra, Rafael
_965499
245 _aVocabulari d'informàtica
245 _cGemma Lluch
245 _cRafael Iborra
260 _a[València]
260 _bGeneralitat Valenciana. Conselleria de Cultura, Educació i Ciència. Gabinet d'Ús i Ensenyament del Valencià
260 _c1986
300 _a66 p.
_c22 cm.
490 _aVocabularis Específics;
_v9
520 _a500
546 _acatalà
591 _a774
592 _aObra terminològica
593 _aGA
594 _a774
650 _ainformàtica
_960708
700 _aLluch, Gemma
_965500
830 _aVocabularis Específics;
_v9
_964037
901 _cDL <1986>
902 _a930106
942 _cMO
_n0
999 _c54573
_d54573